| 000 | 00598nam a2200205Ia 4500 | ||
|---|---|---|---|
| 005 | 20250923145105.0 | ||
| 008 | 008 250917s9999 xx 000 0 eng d | ||
| 037 | _aTextual | ||
| 040 |
_aDSWL _beng _cDSWL |
||
| 041 |
_aeng _2eng |
||
| 084 |
_aYX,ZI-Z4;Q-B2:3.N6:g, K1 _qDSWL |
||
| 100 |
_aMcWhinnie, A.M. _9831685 |
||
| 245 | 0 |
_aAdopted Children _cby A.M. McWhinnie |
|
| 260 |
_aLondon _bRoutledge & Kegan Paul _c1967 |
||
| 300 | _ax,203 p. | ||
| 365 |
_aINR _b42 |
||
| 925 | _g42 | ||
| 942 |
_cTEXL _hYX,ZI-Z4;Q-B2:3.N6:g, K1 |
||
| 999 |
_c1446957 _d1446957 |
||